Detalles MARC
| 000 -LEADER |
| fixed length control field |
01776 am a2200361 a 4500 |
| 005 - FECHA ULTIMA MODIFICACION |
| control field |
20240524091946.0 |
| 008 - CAMPO DE CONTROL (LIBRO) |
| fixed length control field |
100330s1993||||ag # f l s001 0 spa d |
| 020 ## - INTERNATIONAL STANDARD BOOK NUMBER |
| ISBN |
S/N |
| 041 ## - CODIGO DE IDIOMA |
| Código de idioma del texto/pista de sonido o título separado |
spa |
| 092 ## - SIGNATURA TOPOGRAFICA DEWEY LOCAL |
| número de clasificación |
618.2 |
| libristica |
68 |
| sección |
PRO |
| 110 1# - ENTRADA PRINCIPAL-AUTOR CORPORATIVO |
| Nombre de la institución, jurisdicción como entrada principal |
Argentina. Ministerio de Salud y Acción Social de la Nación. |
| Unidad subordinada |
Direccion de Maternidad e Infancia. |
| 9 (RLIN) |
596 |
| 245 ## - TITULO PROPIAMENTE DICHO |
| Título |
Propuesta Normativa Perinatal. |
| Subtítulo y Título paralelo |
T.2 Atención de las Patologías Perinatales Prevalentes / |
| Mención de responsabilidad y remanente de la transcripción de la portada |
Ministerio de Salud y Acción Social de la Nación. |
| 250 ## - MENCION DE EDICION |
| Mención de edición |
1a ed. |
| 260 ## - PIE DE IMPRENTA |
| Lugar de publicación, distribución, etc |
Buenos Aires: |
| Nombre de la editorial, distribuidor, etc |
Ministerio de Salud y Acción Social de la Nación; |
| Fecha de publicación |
1993. |
| 300 ## - DESCRIPCION FISICA |
| Extension |
286 p. |
| 500 ## - NOTA GENERAL |
| Nota general |
Argentina. Ministerio de Salud y Acción Social de la Nación (1993). Propuesta Normativa Perinatal. T.2 Atención de las Patologías Perinatales Prevalentes. (1a ed.). Buenos Aires : Ministerio de Salud y Acción Social de la Nación. |
| 653 ## - TÉRMINO INDIZADO - PALABRAS CLAVES |
| Palabra clave |
Estados hipertensivos del embarazo |
| 653 ## - TÉRMINO INDIZADO - PALABRAS CLAVES |
| Palabra clave |
Diabetes y embarazo |
| 653 ## - TÉRMINO INDIZADO - PALABRAS CLAVES |
| Palabra clave |
Hemorragias durante el periodo perinatal |
| 653 ## - TÉRMINO INDIZADO - PALABRAS CLAVES |
| Palabra clave |
Anomalias de la duración del embarazo |
| 653 ## - TÉRMINO INDIZADO - PALABRAS CLAVES |
| Palabra clave |
Retardo de crecimiento intrauterino |
| 653 ## - TÉRMINO INDIZADO - PALABRAS CLAVES |
| Palabra clave |
Infecciones perinatales |
| 653 ## - TÉRMINO INDIZADO - PALABRAS CLAVES |
| Palabra clave |
Patologías maternas y sufrimiento fetal |
| 653 ## - TÉRMINO INDIZADO - PALABRAS CLAVES |
| Palabra clave |
Anexo I: frecuencia de las patologías maternas prevalentes |
| 653 ## - TÉRMINO INDIZADO - PALABRAS CLAVES |
| Palabra clave |
Anexo II: tasas de mortalidad perinatal según patologías prevalentes |
| 653 ## - TÉRMINO INDIZADO - PALABRAS CLAVES |
| Palabra clave |
Anexo III: tablas de medidas ecográficas natales |
| 653 ## - TÉRMINO INDIZADO - PALABRAS CLAVES |
| Palabra clave |
Anexo IV: definiciones de indicadores perinatales |
| 653 ## - TÉRMINO INDIZADO - PALABRAS CLAVES |
| Palabra clave |
Anexo V: zidovudina para reducir la transmisión perinatal del HIV |
| 653 ## - TÉRMINO INDIZADO - PALABRAS CLAVES |
| Palabra clave |
Anexo VI: medicamentos administrados durante el embarazo y sus riesgos potenciales en el feto |
| 930 ## - NUMERO DE INVENTARIO |
| Número de inventario |
394 |
| 930 ## - NUMERO DE INVENTARIO |
| Número de inventario |
2104 |
| 942 ## - ADDED ENTRY ELEMENTS (KOHA) |
| Source of classification or shelving scheme |
Dewey Decimal Classification |
| Item type |
Libros |